Sports Quiz

Random Sports or Basketball Quiz

Most points scored in one NBA game Quiz Stats

 Plays Quiz not verified by Sporcle

Challenge
Share
Tweet
Embed
Score 0/61 Timer 04:00
0 Plays Today
Team Player % Correct
Los Angeles LakersKobe Bryant
98.4%
Los Angeles LakersKobe Bryant
98.4%
Los Angeles LakersKobe Bryant
98.4%
Los Angeles LakersKobe Bryant
98.4%
Los Angeles LakersKobe Bryant
98.4%
Philadelphia WarriorsWilt Chamberlain
97.6%
Philadelphia WarriorsWilt Chamberlain
97.6%
Philadelphia WarriorsWilt Chamberlain
97.6%
San Francisco WarriorsWilt Chamberlain
97.6%
San Francisco WarriorsWilt Chamberlain
97.6%
San Francisco WarriorsWilt Chamberlain
97.6%
Philadelphia 76ersWilt Chamberlain
97.6%
Philadelphia WarriorsWilt Chamberlain
97.6%
Philadelphia WarriorsWilt Chamberlain
97.6%
Philadelphia WarriorsWilt Chamberlain
97.6%
San Francisco WarriorsWilt Chamberlain
97.6%
Los Angeles LakersWilt Chamberlain
97.6%
Philadelphia WarriorsWilt Chamberlain
97.6%
Philadelphia WarriorsWilt Chamberlain
97.6%
Philadelphia 76ersWilt Chamberlain
97.6%
San Francisco WarriorsWilt Chamberlain
97.6%
San Francisco WarriorsWilt Chamberlain
97.6%
Philadelphia WarriorsWilt Chamberlain
97.6%
Philadelphia WarriorsWilt Chamberlain
97.6%
Philadelphia WarriorsWilt Chamberlain
97.6%
San Francisco WarriorsWilt Chamberlain
97.6%
San Francisco WarriorsWilt Chamberlain
97.6%
Philadelphia WarriorsWilt Chamberlain
97.6%
Philadelphia WarriorsWilt Chamberlain
97.6%
Philadelphia WarriorsWilt Chamberlain
97.6%
San Francisco WarriorsWilt Chamberlain
97.6%
Team Player % Correct
San Francisco WarriorsWilt Chamberlain
97.6%
San Francisco WarriorsWilt Chamberlain
97.6%
Philadelphia WarriorsWilt Chamberlain
97.6%
Philadelphia WarriorsWilt Chamberlain
97.6%
Los Angeles LakersWilt Chamberlain
97.6%
Chicago BullsMichael Jordan
96.8%
Chicago BullsMichael Jordan
96.8%
Chicago BullsMichael Jordan
96.8%
Chicago BullsMichael Jordan
96.8%
Chicago BullsMichael Jordan
96.8%
Los Angeles LakersShaquille O'Neal
84.1%
San Antonio SpursDavid Robinson
77.8%
Philadelphia 76ersAllen Iverson
77.8%
Utah JazzKarl Malone
75.4%
Los Angeles LakersJerry West
74.6%
Boston CelticsLarry Bird
72.2%
Washington WizardsGilbert Arenas
65.9%
San Antonio SpursGeorge Gervin
61.1%
Los Angeles LakersElgin Baylor
59.5%
Minneapolis LakersElgin Baylor
59.5%
Los Angeles LakersElgin Baylor
59.5%
Los Angeles LakersElgin Baylor
59.5%
Minneapolis LakersGeorge Mikan
53.2%
New Orleans JazzPete Maravich
48.4%
Orlando MagicTracy McGrady
48.4%
Golden State WarriorsRick Barry
34.9%
New York KnicksBernard King
34.9%
Denver NuggetsDavid Thompson
33.3%
Phoenix SunsTom Chambers
25.4%
Philadelphia WarriorsJoe Fulks
4.8%

You're not logged in!

Compare scores with friends on all Sporcle quizzes.
Join for Free
OR
Log In

You Might Also Like...

Show Comments

Extras

Top Quizzes Today


Score Distribution

Your Account Isn't Verified!

In order to create a playlist on Sporcle, you need to verify the email address you used during registration. Go to your Sporcle Settings to finish the process.

Report this User

Report this user for behavior that violates our Community Guidelines.

Details: